[Event "Titled Tuesday intern op 05th Sep Early"]
[Site "Chess.com INT"]
[Date "2023.09.05"]
[Round "5"]
[White "Ianovsky, Matias Manuel"]
[Black "Mendonca, Leon Luke"]
[Result "0-1"]
[WhiteElo "2218"]
[BlackElo "2622"]
[PlyCount "140"]
[EventDate "2023.09.05"]
[EventType "swiss (blitz)"]
[EventRounds "11"]
[EventCountry "USA"]
[SourceTitle "EXT 2024"]
[Source "ChessBase"]
[SourceDate "2023.10.10"]
[SourceVersion "1"]
[SourceVersionDate "2023.10.10"]
[SourceQuality "1"]

1. d4 Nf6 2. Nf3 e6 3. c4 d5 4. g3 Bb4+ 5. Bd2 Be7 6. Bg2 0-0 7. 0-0 Nbd7 8. Nc3 dxc4 9. e4 Rb8 10. a4 a6 11. Be3 b5 12. axb5 axb5 13. d5 exd5 14. e5 Ng4 15. Ba7 Ra8 16. Qxd5 Nb6 17. Qxd8 Rxd8 18. Ne1 Rxa7 19. Rxa7 b4 20. Nb5 Nxe5 21. Rxc7 Bf6 22. Nc2 h6 23. Nxb4 Bf5 24. Rb7 Ned7 25. Nd6 Be6 26. Nc6 Ra8 27. Ne4 Bxb2 28. Rb1 Ra2 29. Ne7+ Kh7 30. Nc6 c3 31. Nxc3 Bxc3 32. Be4+ g6 33. Bg2 Kg7 34. Nd8 Bf5 35. Rc1 Bd4 36. Rf1 Bd3 37. Bd5 Bxf1 38. Bxa2 Ba6 39. Ra7 Be2 40. Nxf7 Kf6 41. Nd8 Ne5 42. Bb1 Nbd7 43. Ra4 Bc5 44. Ra2 Bf3 45. Ra6+ Kg7 46. Ra2 Bd5 47. Ra5 Nf3+ 48. Kf1 Nxh2+ 49. Ke2 Bc4+ 50. Kd1 Bb3+ 51. Kc1 Bd4 52. Rb5 Bg8 53. Ne6+ Bxe6 54. Rb7 Kf6 55. Ba2 Nc5 56. Rb6 Bxf2 57. Rc6 Be3+ 58. Kc2 Ke5 59. Bxe6 Nxe6 60. Rc3 Bd4 61. Rc4 Ng4 62. Ra4 Kd5 63. Ra5+ Nc5 64. Ra8 g5 65. Rd8+ Ke5 66. Kd2 Ne4+ 67. Kd3 Nc5+ 68. Kc4 Ne6 69. Rd5+ Kf6 70. Rd7 Ne5+ 0-1

[Event "Titled Tuesday intern op 29th Aug Early"]
[Site "Chess.com INT"]
[Date "2023.08.29"]
[Round "1"]
[White "Ianovsky, Matias Manuel"]
[Black "Kula, Robert"]
[Result "0-1"]
[WhiteElo "2218"]
[BlackElo "2284"]
[PlyCount "54"]
[EventDate "2023.08.29"]
[EventType "swiss (blitz)"]
[EventRounds "11"]
[EventCountry "USA"]
[SourceTitle "EXT 2024"]
[Source "ChessBase"]
[SourceDate "2023.10.10"]
[SourceVersion "1"]
[SourceVersionDate "2023.10.10"]
[SourceQuality "1"]

1. d4 d5 2. Nf3 c6 3. c4 Nf6 4. Nc3 dxc4 5. e4 b5 6. e5 Nd5 7. a4 Nxc3 8. bxc3 e6 9. g3 Bb7 10. Bg2 Nd7 11. 0-0 a6 12. Ng5 Nb6 13. Qh5 g6 14. Qf3 Qd7 15. Qf6 Rg8 16. Nxh7 Nd5 17. Qf3 Be7 18. Ba3 0-0-0 19. Rfb1 Bxa3 20. Rxa3 Rh8 21. Nf6 Qe7 22. Ra2 Nxf6 23. exf6 Qc7 24. axb5 cxb5 25. Qe2 Bxg2 26. Kxg2 Qc6+ 27. Kg1 Rxh2 0-1

[Event "American Continental 03rd"]
[Site "Buenos Aires"]
[Date "2005.08.14"]
[Round "9"]
[White "Ianovsky, Matias Manuel"]
[Black "Mazziotti Irigoyen, Gabriel"]
[Result "1-0"]
[WhiteElo "2155"]
[BlackElo "2293"]
[PlyCount "97"]
[EventDate "2005.08.06"]
[EventType "swiss"]
[EventRounds "11"]
[EventCountry "ARG"]
[SourceTitle "CBM 107 Extra"]
[Source "ChessBase"]
[SourceDate "2005.09.01"]
[SourceVersion "1"]
[SourceVersionDate "2005.09.01"]
[SourceQuality "1"]

1. d4 d5 2. Nf3 Nf6 3. c4 dxc4 4. e3 a6 5. Bxc4 b5 6. Bb3 Bb7 7. a4 Nbd7 8. 0-0 e6 9. Qe2 Be7 10. Nbd2 c5 11. axb5 axb5 12. Rxa8 Qxa8 13. Qxb5 0-0 14. Qe2 Rb8 15. Bc4 Nb6 16. Bd3 Nfd5 17. dxc5 Bxc5 18. Ne5 g6 19. Ndf3 Nb4 20. Bb5 f6 21. Nd3 Nxd3 22. Bxd3 Rd8 23. e4 Qc8 24. Be3 Bxe3 25. Qxe3 Na4 26. Rc1 Qd7 27. Bf1 Nxb2 28. Qc3 Na4 29. Qxf6 Rf8 30. Qe5 Bc6 31. Nd4 Qf7 32. f3 Bd7 33. Rc7 Rc8 34. Rxc8+ Bxc8 35. Bc4 Qa7 36. Bxe6+ Bxe6 37. Qxe6+ Kg7 38. Qe5+ Kf7 39. h3 Nc3 40. Kh2 Qd7 41. Nb3 Qd3 42. Qc7+ Kf6 43. Nc5 Qc2 44. f4 g5 45. Nd7+ Kg7 46. Ne5+ Kh8 47. Nf7+ Kg8 48. Nh6+ Kh8 49. Qe5# 1-0

[Event "American Continental 03rd"]
[Site "Buenos Aires"]
[Date "2005.08.08"]
[Round "3"]
[White "Bronstein, Luis Marcos"]
[Black "Ianovsky, Matias Manuel"]
[Result "1-0"]
[WhiteElo "2342"]
[BlackElo "2155"]
[PlyCount "79"]
[EventDate "2005.08.06"]
[EventType "swiss"]
[EventRounds "11"]
[EventCountry "ARG"]
[SourceTitle "CBM 107 Extra"]
[Source "ChessBase"]
[SourceDate "2005.09.01"]
[SourceVersion "1"]
[SourceVersionDate "2005.09.01"]
[SourceQuality "1"]

1. e4 c5 2. Nf3 e6 3. Nc3 Nc6 4. Bb5 Nge7 5. 0-0 a6 6. Bxc6 Nxc6 7. d4 cxd4 8. Nxd4 d6 9. Re1 Be7 10. Nxc6 bxc6 11. Qg4 g6 12. Bh6 Rb8 13. b3 Qa5 14. Qf3 e5 15. Na4 Rg8 16. Be3 Be6 17. Qe2 f6 18. Bd2 Qb5 19. c4 Qb7 20. f4 Qd7 21. h3 Bf7 22. Rad1 g5 23. f5 h5 24. Be3 Qb7 25. g3 g4 26. h4 Rd8 27. Nb6 Rb8 28. Rd3 Bd8 29. Na4 Bc7 30. Red1 Rd8 31. Qd2 Qb8 32. Qf2 d5 33. cxd5 cxd5 34. exd5 e4 35. Rd4 Bxg3 36. Rxe4+ Kf8 37. Bh6+ Rg7 38. Qb6 Qxb6+ 39. Nxb6 Bc7 40. Nc4 1-0

[Event "Buenos Aires Najdorf Talents"]
[Site "Buenos Aires"]
[Date "2004.09.22"]
[Round "4"]
[White "Ianovsky, Matias Manuel"]
[Black "Tenti, Joaquin"]
[Result "1-0"]
[WhiteElo "2110"]
[BlackElo "2182"]
[PlyCount "39"]
[EventDate "2004.09.21"]
[EventType "swiss"]
[EventRounds "7"]
[EventCountry "ARG"]
[SourceTitle "CBM 102 Extra"]
[Source "ChessBase"]
[SourceDate "2004.11.03"]
[SourceVersion "1"]
[SourceVersionDate "2004.11.03"]
[SourceQuality "1"]

1. d4 d5 2. Nf3 c6 3. c4 Nf6 4. g3 a6 5. cxd5 cxd5 6. Bg2 Bf5 7. Qb3 b5 8. Ne5 e6 9. 0-0 Bd6 10. Nc3 0-0 11. Bg5 h6 12. Bxf6 Qxf6 13. f4 Qe7 14. Rac1 f6 15. Nxd5 Qa7 16. Ne3 fxe5 17. Nxf5 Rxf5 18. Qxe6+ Rf7 19. Rc8+ Kh7 20. Be4+ 1-0

[Event "Buenos Aires Najdorf Talents"]
[Site "Buenos Aires"]
[Date "2004.09.22"]
[Round "5"]
[White "Iermito, Sebastian"]
[Black "Ianovsky, Matias Manuel"]
[Result "1-0"]
[WhiteElo "2106"]
[BlackElo "2110"]
[PlyCount "99"]
[EventDate "2004.09.21"]
[EventType "swiss"]
[EventRounds "7"]
[EventCountry "ARG"]
[SourceTitle "CBM 102 Extra"]
[Source "ChessBase"]
[SourceDate "2004.11.03"]
[SourceVersion "1"]
[SourceVersionDate "2004.11.03"]
[SourceQuality "1"]

1. d4 Nf6 2. c4 g6 3. Nc3 Bg7 4. Nf3 0-0 5. Bf4 d6 6. h3 Nfd7 7. e3 e5 8. Bh2 Nc6 9. Be2 f5 10. 0-0 Kh8 11. a3 g5 12. dxe5 dxe5 13. Qc2 e4 14. Nd2 Nce5 15. f3 exf3 16. Nxf3 Nxf3+ 17. Bxf3 Ne5 18. Rad1 Qe7 19. Nd5 Qf7 20. b3 c6 21. Nc3 Qe7 22. Ne2 Qxa3 23. c5 Be6 24. Nd4 Nxf3+ 25. Rxf3 Bd5 26. Rff1 Rae8 27. Ra1 Qxa1 28. Rxa1 Rxe3 29. Rd1 Rfe8 30. Bd6 Be4 31. Qc4 f4 32. Nf3 h6 33. Qf7 Bc2 34. Rf1 Bxb3 35. Qxb7 Bd5 36. Qxa7 Re2 37. Qd7 Ra8 38. Re1 Bxf3 39. Rxe2 Bxe2 40. Qxc6 Ra1+ 41. Kh2 Bh5 42. Qd5 Rd1 43. Qa8+ Kh7 44. Qe4+ Bg6 45. Qe7 Kg8 46. Be5 Bxe5 47. Qxe5 Rd2 48. c6 f3 49. c7 Rxg2+ 50. Kh1 1-0

[Event "Villa Ballester de Invierno op 4th"]
[Site "Villa Ballester"]
[Date "2004.08.14"]
[Round "1"]
[White "Ianovsky, Matias Manuel"]
[Black "Sanchez, Mariana"]
[Result "1-0"]
[WhiteElo "2110"]
[BlackElo "1804"]
[PlyCount "63"]
[EventDate "2004.08.13"]
[EventType "swiss"]
[EventRounds "7"]
[EventCountry "ARG"]
[SourceTitle "CBM 101 Extra"]
[Source "ChessBase"]
[SourceDate "2004.09.01"]
[SourceVersion "2"]
[SourceVersionDate "2004.09.01"]
[SourceQuality "1"]

1. d4 d5 2. Nf3 c6 3. c4 e6 4. g3 Nf6 5. Qc2 Be7 6. Bg2 Nbd7 7. 0-0 0-0 8. Rd1 Re8 9. Nbd2 Nf8 10. b3 Ng6 11. Bb2 Qc7 12. e4 dxe4 13. Nxe4 Nxe4 14. Qxe4 Bf6 15. h4 h6 16. Bf1 Bd7 17. h5 Nf8 18. Ne5 Bxe5 19. dxe5 Nh7 20. c5 Ng5 21. Qe3 Rad8 22. Rd6 Bc8 23. Rad1 b6 24. f4 Nh7 25. b4 b5 26. Bg2 Bb7 27. Bh3 Bc8 28. Qd4 Rxd6 29. exd6 e5 30. fxe5 Qd8 31. Bxc8 Qxc8 32. d7 1-0

[Event "Najdorf U26 qual op"]
[Site "Buenos Aires"]
[Date "2003.10.03"]
[Round "5.6"]
[White "Converset, Juan Jose"]
[Black "Ianovsky, Matias Manuel"]
[Result "1/2-1/2"]
[WhiteElo "2238"]
[BlackElo "2079"]
[PlyCount "32"]
[EventDate "2003.10.01"]
[EventType "swiss"]
[EventRounds "9"]
[EventCountry "ARG"]
[SourceTitle "EXT 2004"]
[Source "ChessBase"]
[SourceDate "2003.11.25"]
[SourceVersion "1"]
[SourceVersionDate "2003.11.25"]
[SourceQuality "1"]

1. e4 c5 2. Nf3 e6 3. Nc3 Nc6 4. Be2 Nf6 5. 0-0 d5 6. exd5 Nxd5 7. Bb5 a6 8. Bxc6+ bxc6 9. Re1 Be7 10. d3 0-0 11. Ne4 Qc7 12. c4 Nf6 13. Be3 Nxe4 14. dxe4 e5 15. Nd2 Be6 16. Qe2 a5 1/2-1/2

[Event "ARG-ch U16"]
[Site "Esperanza"]
[Date "2003.09.17"]
[Round "2"]
[White "Ianovsky, Matias Manuel"]
[Black "Fedrizzi, Alan"]
[Result "1/2-1/2"]
[WhiteElo "2079"]
[BlackElo "1898"]
[PlyCount "46"]
[EventDate "2003.09.17"]
[EventType "tourn"]
[EventRounds "9"]
[EventCountry "ARG"]
[SourceTitle "EXT 2004"]
[Source "ChessBase"]
[SourceDate "2003.11.25"]
[SourceVersion "1"]
[SourceVersionDate "2003.11.25"]
[SourceQuality "1"]

1. d4 d5 2. Nf3 Nf6 3. c4 e6 4. g3 c6 5. Qc2 Bd6 6. Bg2 0-0 7. 0-0 Nbd7 8. Nbd2 Re8 9. b3 Qe7 10. Bb2 e5 11. dxe5 Nxe5 12. Rfe1 Bg4 13. h3 Bh5 14. Nh4 Bg6 15. Nxg6 Nxg6 16. e4 dxe4 17. Nxe4 Nxe4 18. Rxe4 Qf8 19. Rae1 Rxe4 20. Qxe4 Ba3 21. Bd4 Bc5 22. Qe3 Bxd4 23. Qxd4 a5 1/2-1/2